Código Civil : y leyes complementarias. Comentado, anotado y concordado / Tomo 3.
Guardado en:
| Formato: | Libro |
|---|---|
| Idioma: | Spanish |
| Publicado: |
Buenos Aires :
Astrea,
1994
|
| Materias: | |
| Etiquetas: |
Agregar Etiqueta
Sin Etiquetas, Sea el primero en etiquetar este registro!
|
| LEADER | 00591nam a22001815a 4500 | ||
|---|---|---|---|
| 001 | DER.der000008 | ||
| 008 | 180615s1994####|||||||||||||||||#||spa|| | ||
| 005 | 20251229124708.0 | ||
| 245 | 1 | 0 | |a Código Civil : |b y leyes complementarias. Comentado, anotado y concordado / |n Tomo 3. |c Argentina - Códigos. |
| 260 | |a Buenos Aires : |b Astrea, |c 1994 | ||
| 300 | |a 794 p. | ||
| 500 | |a Artículos 574 a 895. | ||
| 020 | |a 9505082606 | ||
| 650 | 7 | |a CÓDIGO CIVIL | |
| 600 | 1 | 4 | |a Ameal, José Oscar |
| 600 | 1 | 4 | |a López Cabana, Roberto M. |
| 600 | 1 | 4 | |a Zannoni, Eduardo A. |
| 859 | |a DERECHO |b BIB. DERECHO |h 346 |i ARG |p 000010 | ||
